JAVA the complete reference. (Record no. 111)

MARC details
000 -LEADER
fixed length control field 00537cam a2200205ua 4500
008 - FIXED-LENGTH DATA ELEMENTS--GENERAL INFORMATION
fixed length control field 110321n ii |||gr||||Z||||||eng
020 ## - INTERNATIONAL STANDARD BOOK NUMBER
International Standard Book Number 978-0-07-063677-4
020 ## - INTERNATIONAL STANDARD BOOK NUMBER
International Standard Book Number 0-07-063677-x
040 ## - CATALOGING SOURCE
Transcribing agency MAIN
082 ## - DEWEY DECIMAL CLASSIFICATION NUMBER
Classification number 005
245 ## - TITLE STATEMENT
Title JAVA the complete reference.
Statement of responsibility, etc. By Herbert Schildt.
250 ## - EDITION STATEMENT
Edition statement 7th.
260 ## - PUBLICATION, DISTRIBUTION, ETC.
Place of publication, distribution, etc. New Delhi.:
Name of publisher, distributor, etc. Mcgraw hill.,
Date of publication, distribution, etc. 2007.
300 ## - PHYSICAL DESCRIPTION
Extent xxx, 1024 p.:
Other physical details ill;
Dimensions 22 cm.
700 ## - ADDED ENTRY--PERSONAL NAME
Personal name Schiltd, Herbert.,
942 ## - ADDED ENTRY ELEMENTS (KOHA)
Koha item type Books
653 ## - INDEX TERM--UNCONTROLLED
Uncontrolled term Computer science.
653 ## - INDEX TERM--UNCONTROLLED
Uncontrolled term JAVA the complete reference.
Holdings
Withdrawn status Lost status Damaged status Not for loan Home library Current library Shelving location Date acquired Total Checkouts Full call number Barcode Date last seen Copy number Price effective from Koha item type
        Central Library, Naharkatiya College Central Library, Naharkatiya College General Stacks 19/09/2020   005 | SCH 19561 19/09/2020 1 19/09/2020 Books

Naharkatiya College © 2020. All rights reserved.

Powered By